000 00715nam a22001937a 4500
005 20171213113615.0
010 _aUR-9966
020 _c300.00
_a9788186346
035 _aU-8521
037 _bDBAD/PUB
_ahttp://192.168.1.99:8131/cgi-bin/koha/cataloguing/addbiblio.pl?biblionumber=147970&op=duplicate#
100 _aو شا ل کھلر
245 _aخو ا ب پلکو ں میں
_cو شا ل کھلر
246 _bKhwaab Palkon mein
_aby Vishal khullar
260 _aLudhiana
_bInsha Publications
_c2017
270 _a25-B,Zakaria Street,
_bKolkata
_e110025
_k9463681801
_l-
300 _a176ص
_c22 Cm.(B.b)
500 _aدو حصہ
942 _2ddc
_cUR
_h841
_mک ھ ل
999 _c147973
_d147973